<?xml version="1.0" encoding="UTF-8"?>
<record
    xmlns:xsi="http://www.w3.org/2001/XMLSchema-instance"
    xsi:schemaLocation="http://www.loc.gov/MARC21/slim http://www.loc.gov/standards/marcxml/schema/MARC21slim.xsd"
    xmlns="http://www.loc.gov/MARC21/slim">

  <leader>00308nam a2200133Ia 4500</leader>
  <datafield tag="999" ind1=" " ind2=" ">
    <subfield code="c">7020</subfield>
    <subfield code="d">7020</subfield>
  </datafield>
  <controlfield tag="003">OSt</controlfield>
  <controlfield tag="008">201107b           ||||| |||| 00| 0 eng d</controlfield>
  <datafield tag="082" ind1=" " ind2=" ">
    <subfield code="a"> 006.33 </subfield>
  </datafield>
  <datafield tag="100" ind1=" " ind2=" ">
    <subfield code="a">WiNSTON, Patrick Henry.</subfield>
  </datafield>
  <datafield tag="245" ind1=" " ind2=" ">
    <subfield code="a">Artificial Intelligence </subfield>
  </datafield>
  <datafield tag="260" ind1=" " ind2=" ">
    <subfield code="b"> Pearson </subfield>
    <subfield code="c">2007</subfield>
  </datafield>
  <datafield tag="300" ind1=" " ind2=" ">
    <subfield code="a">737.</subfield>
  </datafield>
  <datafield tag="942" ind1=" " ind2=" ">
    <subfield code="2">ddc</subfield>
    <subfield code="c">BK</subfield>
    <subfield code="0">3</subfield>
  </datafield>
  <datafield tag="952" ind1=" " ind2=" ">
    <subfield code="0">0</subfield>
    <subfield code="1">0</subfield>
    <subfield code="2">ddc</subfield>
    <subfield code="4">0</subfield>
    <subfield code="7">0</subfield>
    <subfield code="8">BTECHCSE</subfield>
    <subfield code="a">PIET</subfield>
    <subfield code="b">PIET</subfield>
    <subfield code="d">2006-08-12</subfield>
    <subfield code="e">M/s UBS Publishers, New Delhi</subfield>
    <subfield code="g">310.00</subfield>
    <subfield code="k">125375</subfield>
    <subfield code="l">2</subfield>
    <subfield code="o">006.33 WIA</subfield>
    <subfield code="p">1741</subfield>
    <subfield code="r">2023-09-19 00:00:00</subfield>
    <subfield code="s">2023-09-06</subfield>
    <subfield code="w">2005-08-18</subfield>
    <subfield code="y">BK</subfield>
  </datafield>
  <datafield tag="952" ind1=" " ind2=" ">
    <subfield code="0">0</subfield>
    <subfield code="1">0</subfield>
    <subfield code="2">ddc</subfield>
    <subfield code="4">0</subfield>
    <subfield code="7">0</subfield>
    <subfield code="8">BTECHCSE</subfield>
    <subfield code="a">PIET</subfield>
    <subfield code="b">PIET</subfield>
    <subfield code="d">2006-08-12</subfield>
    <subfield code="e">M/s UBS Publishers, New Delhi</subfield>
    <subfield code="g">310.00</subfield>
    <subfield code="k">125375</subfield>
    <subfield code="l">1</subfield>
    <subfield code="o">006.33 WIA</subfield>
    <subfield code="p">1742</subfield>
    <subfield code="q">2020-10-07</subfield>
    <subfield code="r">2020-09-23 00:00:00</subfield>
    <subfield code="s">2020-09-23</subfield>
    <subfield code="w">2005-08-18</subfield>
    <subfield code="y">BK</subfield>
  </datafield>
  <datafield tag="952" ind1=" " ind2=" ">
    <subfield code="0">0</subfield>
    <subfield code="1">0</subfield>
    <subfield code="2">ddc</subfield>
    <subfield code="4">0</subfield>
    <subfield code="7">0</subfield>
    <subfield code="8">BTECHCSE</subfield>
    <subfield code="a">PIET</subfield>
    <subfield code="b">PIET</subfield>
    <subfield code="d">2006-08-12</subfield>
    <subfield code="e">M/s UBS Publishers, New Delhi</subfield>
    <subfield code="g">310.00</subfield>
    <subfield code="k">125375</subfield>
    <subfield code="l">0</subfield>
    <subfield code="o">006.33 WIA</subfield>
    <subfield code="p">1743</subfield>
    <subfield code="r">2019-12-04 00:00:00</subfield>
    <subfield code="w">2005-08-18</subfield>
    <subfield code="y">REF</subfield>
  </datafield>
  <datafield tag="952" ind1=" " ind2=" ">
    <subfield code="0">0</subfield>
    <subfield code="1">0</subfield>
    <subfield code="2">ddc</subfield>
    <subfield code="4">0</subfield>
    <subfield code="7">0</subfield>
    <subfield code="8">BTECHCSE</subfield>
    <subfield code="a">PIET</subfield>
    <subfield code="b">PIET</subfield>
    <subfield code="d">2020-07-21</subfield>
    <subfield code="e">Kirti Prakashan</subfield>
    <subfield code="g">859.00</subfield>
    <subfield code="k">IN 3975</subfield>
    <subfield code="l">2</subfield>
    <subfield code="o">006.33 WIA</subfield>
    <subfield code="p">31162</subfield>
    <subfield code="r">2023-12-08 00:00:00</subfield>
    <subfield code="s">2023-11-29</subfield>
    <subfield code="v">584.12</subfield>
    <subfield code="w">2019-05-24</subfield>
    <subfield code="y">BK</subfield>
  </datafield>
  <datafield tag="952" ind1=" " ind2=" ">
    <subfield code="0">0</subfield>
    <subfield code="1">0</subfield>
    <subfield code="2">ddc</subfield>
    <subfield code="4">0</subfield>
    <subfield code="7">0</subfield>
    <subfield code="8">BTECHCSE</subfield>
    <subfield code="a">PIET</subfield>
    <subfield code="b">PIET</subfield>
    <subfield code="d">2020-07-21</subfield>
    <subfield code="e">Kirti Prakashan</subfield>
    <subfield code="g">859.00</subfield>
    <subfield code="k">IN 3975</subfield>
    <subfield code="l">1</subfield>
    <subfield code="o">006.33 WIA</subfield>
    <subfield code="p">31163</subfield>
    <subfield code="r">2022-03-07 00:00:00</subfield>
    <subfield code="s">2022-02-09</subfield>
    <subfield code="v">584.12</subfield>
    <subfield code="w">2019-05-24</subfield>
    <subfield code="y">BK</subfield>
  </datafield>
  <datafield tag="952" ind1=" " ind2=" ">
    <subfield code="0">0</subfield>
    <subfield code="1">0</subfield>
    <subfield code="2">ddc</subfield>
    <subfield code="4">0</subfield>
    <subfield code="7">0</subfield>
    <subfield code="8">BTECHCSE</subfield>
    <subfield code="a">PIET</subfield>
    <subfield code="b">PIET</subfield>
    <subfield code="d">2020-07-21</subfield>
    <subfield code="e">Kirti Prakashan</subfield>
    <subfield code="g">859.00</subfield>
    <subfield code="k">IN 3975</subfield>
    <subfield code="l">1</subfield>
    <subfield code="o">006.33 WIA</subfield>
    <subfield code="p">31164</subfield>
    <subfield code="r">2023-11-29 00:00:00</subfield>
    <subfield code="s">2023-11-29</subfield>
    <subfield code="v">584.12</subfield>
    <subfield code="w">2019-05-24</subfield>
    <subfield code="y">BK</subfield>
  </datafield>
  <datafield tag="952" ind1=" " ind2=" ">
    <subfield code="0">0</subfield>
    <subfield code="1">0</subfield>
    <subfield code="2">ddc</subfield>
    <subfield code="4">0</subfield>
    <subfield code="7">0</subfield>
    <subfield code="8">BTECHCSE</subfield>
    <subfield code="a">PIET</subfield>
    <subfield code="b">PIET</subfield>
    <subfield code="d">2020-07-21</subfield>
    <subfield code="e">Kirti Prakashan</subfield>
    <subfield code="g">859.00</subfield>
    <subfield code="k">IN 3975</subfield>
    <subfield code="l">1</subfield>
    <subfield code="o">006.33 WIA</subfield>
    <subfield code="p">31165</subfield>
    <subfield code="r">2021-12-09 00:00:00</subfield>
    <subfield code="s">2021-11-09</subfield>
    <subfield code="v">584.12</subfield>
    <subfield code="w">2019-05-24</subfield>
    <subfield code="y">BK</subfield>
  </datafield>
</record>
